Подробности
| 000 -МАРКЕР |
| контрольное поле |
01396nam0a22002771 4500 |
| 001 - ИДЕНТИФИКАТОР ЗАПИСИ |
| контрольное поле |
rc\2911729 |
| 005 - ИДЕНТИФИКАТОР ВЕРСИИ |
| контрольное поле |
20250529222618.0 |
| 035 ## - ДРУГИЕ СИСТЕМНЫЕ НОМЕРА |
| Идентификатор записи |
(NLR Aleph) 007062433 |
| 100 ## - ДАННЫЕ ОБЩЕЙ ОБРАБОТКИ |
| Данные общей обработки |
20110808d1933 |||y0rusy50 ca |
| 101 1# - ЯЗЫК РЕСУРСА |
| Язык текста, звукозаписи и т.д. |
русский |
| Язык оригинала |
немецкий |
| 102 ## - СТРАНА ПУБЛИКАЦИИ ИЛИ ПРОИЗВОДСТВА |
| Страна публикации |
Российская Федерация |
| 105 ## - ПОЛЕ КОДИРОВАННЫХ ДАННЫХ: ТЕКСТОВЫЕ МАТЕРИАЛЫ, МОНОГРАФИЧЕСКИЕ |
| Кодированные данные о монографическом текстовом документе |
a z ||||| |
| 200 1# - ЗАГЛАВИЕ И СВЕДЕНИЯ ОБ ОТВЕТСТВЕННОСТИ |
| Основное заглавие |
Коллоидная химия |
| Сведения, относящиеся к заглавию |
Перевод с 5. доп. и заново перераб. нем. изд. |
| Обозначение и номер части |
1 |
| Наименование части |
Общая часть |
| Обозначение и номер части |
2 |
| Наименование части |
Специальная часть |
| Первые сведения об ответственности |
Richard Zsigmondy, проф. Ун-та в Геттингене, директор Ин-та неорган. химии |
| Последующие сведения об ответственности |
Под ред. и с предисл. И.А. Кухаренко, проф. Киев. технолог. ин-та сахар. пром-сти (с. 9-12) |
| -- |
Нар. ком. снабжения УССР |
| 205 ## - СВЕДЕНИЯ ОБ ИЗДАНИИ |
| Сведения об издании |
2-е изд. |
| 210 ## - ПУБЛИКАЦИЯ, РАСПРОСТРАНЕНИЕ И ДР. |
| Место издания, распространения и т.д. |
Харьков |
| -- |
Киев |
| Имя издателя, распространителя и т. д. |
Изд-во НКСнаба УССР |
| Дата издания, распространения и т.д. |
1933 |
| 215 ## - ФИЗИЧЕСКАЯ ХАРАКТЕРИСТИКА |
| Специфическое обозначение материала и объем |
Обл., 452 с., [7] вкл. л. ил. |
| Другие сведения о физической характеристике |
ил. |
| Размеры |
24 см |
| 300 ## - ОБЩИЕ ПРИМЕЧАНИЯ |
| Текст примечания |
Оригинал: Kolloidchemie. Ein Lehrbuch von Richard Zsigmondy ... |
| 300 ## - ОБЩИЕ ПРИМЕЧАНИЯ |
| Текст примечания |
Предисл. автора к 1. (с. 13-14), і к 5. изд. (с. 14-16) |
| 700 #1 - ИМЯ ЛИЦА - ПЕРВИЧНАЯ ОТВЕТСТВЕННОСТЬ |
| Начальный элемент ввода |
Жигмонди |
| Часть имени, кроме начального элемента ввода |
Р. |
| Даты |
1865-1929 |
| Расширение инициалов личного имени |
Рихард |
| 702 #1 - ИМЯ ЛИЦА - ВТОРИЧНАЯ ОТВЕТСТВЕННОСТЬ |
| Начальный элемент ввода |
Кухаренко |
| Часть имени, кроме начального элемента ввода |
И.А. |
| Код отношения |
Редактор |
| 801 #0 - ИСТОЧНИК ЗАПИСИ |
| Страна |
Российская Федерация |
| Организация |
NLR |
| Правила каталогизации |
psbo |
| 801 #1 - ИСТОЧНИК ЗАПИСИ |
| Страна |
Российская Федерация |
| Организация |
ELAR |
| Источник данных |
rusmarc |
| 852 ## - МЕСТОНАХОЖДЕНИЕ И ШИФР ХРАНЕНИЯ |
| Идентификатор организации |
NLR |
| Шифр хранения (Call Number) |
33-5/332 |
| 942 ## - ДОПОЛНИТЕЛЬНЫЕ ЭЛЕМЕНТЫ ЗАПИСИ (АБИС) |
| Тип экземпляра АБИС |
Книга |
| 980 ## - КОЛЛЕКЦИЯ |
| Название коллекции |
Национальная библиография |